000 00268nam a2200109Ia 4500
008 230312s9999||||xx |||||||||||||| ||und||
082 _a759.95491
_bBIR-A
100 _aBirkhauser
245 0 _aArchitecture the element of success
650 _aArchitecture
942 _cBK
999 _c14603
_d14603